Pere Alcober : Regidor d'Esports de l'Ajuntament de Barcelona. Diputat d'Esports de la Diputació de Barcelona Regidor d'Esports de l'Ajuntament de Barcelona. Diputat d'Esports de la Diputació de Barcelona
Publicado:
Management esportiu :
Associació Catalana de Gestors Esportius Professionals, núm. 4 (juliol 2004), pàg.17 - 18
Descripción Física:
30 cm
Materias:
Esports -- Barcelona (Catalunya)
MARC
| LEADER | 00000nam a2200000Ia 4500 | ||
|---|---|---|---|
| 001 | 18550 | ||
| 008 | 160829s9999 xx 000 0 cat d | ||
| 080 | |a FU-51-18 | ||
| 245 | |a Pere Alcober : |b Regidor d'Esports de l'Ajuntament de Barcelona. Diputat d'Esports de la Diputació de Barcelona | ||
| 260 | |a Management esportiu : |b Associació Catalana de Gestors Esportius Professionals, núm. 4 (juliol 2004), pàg.17 - 18 | ||
| 300 | |a 30 cm | ||
| 590 | |a Secció de la revista: Entrevista | ||
| 650 | 0 | |a Esports |z Barcelona (Catalunya) |9 44075 | |
| 710 | 1 | |a Barcelona (Catalunya). |b Ajuntament |9 50981 | |
| 710 | 1 | |a Barcelona (Catalunya : Província). |b Diputació |9 52408 | |
| 901 | |a Arxiu | ||
| 942 | |n 1 | ||
| 952 | |0 0 |1 0 |4 0 |6 FU5118 |7 1 |9 52333 |a Arxiu |b Arxiu |d 2016-12-01 |l 0 |o FU-51-18 |p 18550 |r 2016-12-01 00:00:00 |w 2016-12-01 |y ARXIU | ||
| 999 | |c 56181 |d 56181 | ||